Factibilidad hotelera: análisis y evaluación (Registro nro. 5500)
[ vista simple ]
| 000 -CABECERA | |
|---|---|
| campo de control de longitud fija | 00696ata a2200229 4500 |
| 005 - FECHA Y HORA DE ACTUALIZACIÓN | |
| campo de control | 20160823144543.0 |
| 008 - LONGITUD FIJA | |
| campo de control de longitud fija | 150514b xxu||||| |||| 00| 0 spa d |
| 041 ## - IDIOMA | |
| Código de idioma del texto/pista de sonido o título separado | |
| 082 ## - CLASIFICACIÓN DECIMAL DEWEY | |
| Número de clasificación | 1.2.51 D935f |
| 100 ## - AUTOR PERSONAL | |
| Nombre de persona | Duplan, Sergio L. |
| 245 ## - TÍTULO PROPIAMENTE DICHO | |
| Título | Factibilidad hotelera: análisis y evaluación |
| 260 ## - PIE DE IMPRENTA | |
| Lugar de publicación, distribución, etc. | México |
| Nombre del editor, distribuidor, etc. | Trillas |
| Fecha de publicación, distribución, etc. | 2006 |
| 300 ## - DESCRIPCIÓN FÍSICA | |
| Extensión | 191 páginas |
| 650 ## - Materia General | |
| Materia general | PLANIFICACIÓN HOTELERA |
| 650 ## - Materia General | |
| Materia general | ESTUDIOS DE FACTIBILIDAD |
| 650 ## - Materia General | |
| Materia general | DESARROLLO HOTELERO |
| 650 ## - Materia General | |
| Materia general | INVESTIGACIÓN DE CAMPO |
| 650 ## - Materia General | |
| Materia general | ANÁLISIS DE LA COMPETENCIA |
| 650 ## - Materia General | |
| Materia general | OFERTA Y DEMANDA |
| 650 ## - Materia General | |
| Materia general | PROYECCIONES FINANCIERAS |
| 942 ## - Punto de Acceso Adicional Koha | |
| Tipo de ítem Koha | Libro |
| Estado perdido | Estado dañado | No para préstamo | Biblioteca permanente | Biblioteca actual | Signatura completa | Código de barras | Precio efectivo a partir del | Tipo de ítem |
|---|---|---|---|---|---|---|---|---|
| Departamento de Biblioteca y Documentación Alfonso Chase Brenes | Departamento de Biblioteca y Documentación Alfonso Chase Brenes | 1.2.51 D935f | 14658 | 23/08/2016 | Libro |